000 00560nam a2200193 i 4500
001 bg
100 1 _aSTRZAŁKOWSKI, Ireneusz
245 1 0 _aElementy fizyki ciała stałego /
_cIreneusz Strzałkowski.
260 _aWarszawa :
_bWydaw. Politechniki Warszawskiej,
_c1982.
300 _a160, [1] s. :
_brys., wykr. ;
_c24 cm.
504 _aBibliogr. s. 161.
650 9 _aCiało stałe
_xfizyka
655 _aPodręczniki akademickie
040 _cBPK
041 0 _apl
080 _a538.9(075.8)
942 _cKS
008 s pl f |000 0 pol
999 _c32034
_d32034
856 _uhttp://koha.tu.koszalin.pl/cgi-bin/koha/opac-detail.pl?biblionumber=32034
_yKatalog online BPK